| 000 | 00555nam a2200193 a 4500 | ||
|---|---|---|---|
| 001 | BRCA_1209 | ||
| 005 | 20190320203328.0 | ||
| 008 | 930324s1990 nyua---###---#001-0#eng-# | ||
| 020 | _a1852381094 | ||
| 050 | 4 |
_aTT879 _b.B37 1993 |
|
| 100 | 1 |
_aBarratt, Olivia Elton _93971 |
|
| 245 | 1 | 0 |
_aBasket Making _cOlivia Elton Barratt. |
| 260 |
_aLondres _bHenry Holt, Charles Letts _c1990 |
||
| 300 |
_a96 p. _bil. a color _c27 cm. |
||
| 440 | 0 |
_aContemporary crafts _93972 |
|
| 500 | _aIncluye índice alfabético | ||
| 650 | 1 | 4 |
_aCestería _93973 |
| 942 |
_2lcc _cB |
||
| 999 |
_c1082 _d1082 |
||